000 00562nam a22001817a 4500
005 20260507111612.0
008 260507b |||||||| |||| 00| 0 eng d
020 _a978-1-305-85997-5
082 _a658.7
_bCOY-S
100 _aCoyle, C. John J.
_aJohn Langley, Jr.
_aRobert A. Novack
_aBrian J. Gibson
245 _aSupply Chain Management:
_bA Logistics Perspective
250 _a10th Ed
260 _aCenter StreetBoston, USA
_bCengage Learning
_c2017
300 _a670 p.
500 _aIncludes index.
650 _aManagement of Operations
942 _cBK
999 _c47544
_d47544